01323nam a2200241Ia 450000100060000000300090000600800410001504000130005604000130006904100130008210000250009510000290012024500500014924500500019925000110024926000120026026000230027226000490029530000430034450006460038765000170103365000310105010726IT-RoPAU130308s9999 xx 000 0 und d aIT-RoPAU cIT-RoPAU aSPAGNOLO aCampos Martinez Luis gCodice Aut. SPICS: 8548 aNosotros somos utopia-Antropologia (Manual 2) bNosotros somos Utopia-Antropologia (Manual 2) a1a ed. aBOGOTA' bEdiciones Paulinas c1974 [1° Ed.:1974 - Ed.Ling.Originale:1974] a"264 p. (prefazione: no ; testo: 264)" aUtopia Antropologia Psicologia delle Culture piano Animale e piano Umano Mentalità primitiva Cultura e Sessualità Etica Sessuale costumi sessuali Verginità e Prostituzione Linguaggio totale Alienazione Metodologia di liberazione Principi di Creatività Segni e strutture Semiotica e Strutturalismo Antropologia di Marx materialismo Dialettico materialismo Storico Aspetti Positivi dell'antropologia di Marx Infermità e Cultura Cultura Come Fattore Genetico dell'Infermità Infermità Lavoro Vita Sociale e legge Infermità nella Storia e Credenza Religiosa Filosofia Scienza medica e Infermità Attività Creatrice e Infermita' aANTROPOLOGIA eCodice materia Spics: 3501